Anatolian journal of cardiology

Detalles Bibliográficos
Título anterior:Anadolu kardiyoloji dergisi
Autor Corporativo: Türk Kardiyoloji Derneği
Formato: Electrónico Revista
Lenguaje:inglés
Publicado: İstanbul, Turkey : Aves, [2015]-
Materias:
Acceso en línea:Full text available from Research Library: 2015 to present

MARC

LEADER 00000nas a2200000 i 4500
001 ssj0001738116
003 WaSeSS
005 20200512172242.0
006 m d
007 cr n
008 150302c20159999tu mr p s 0 0eng
010 |a  2015243168 
016 7 |a 101652981  |2 DNLM 
016 7 |a 017467303  |2 Uk 
022 |a 2149-2271  |y 2149-2263 
035 |a (WaSeSS)ssj0001738116 
040 |a NLM  |b eng  |c NLM  |d OCLCO  |d RDF  |d OCLCO  |d OCLCF  |d OCLCO  |d OCLCQ  |d OCLCO  |d OCLCQ  |d OCLCO  |d CUS  |d UKMGB  |d NLM  |d WaSeSS 
042 |a pcc 
050 1 4 |a RC681.A1 
060 0 0 |a W1  |b AN103F 
210 1 0 |a Anatol J Cardiol  |2 dnlm 
245 0 0 |a Anatolian journal of cardiology  |h [electronic resource]. 
260 |a İstanbul, Turkey :  |b Aves,  |c [2015]- 
310 |a Monthly 
362 1 |a Began with: Volume 15, issue 1 (January 2015). 
506 |a License restrictions may limit access. 
515 |a Some articles in Vol. 15, no. 1 published electronically in 2014. 
588 |a Description based on: Volume 15, issue 1 (January 2015); title from cover. 
588 |a Latest issue consulted: Volume 15, issue 3 (March 2015). 
650 0 |a Cardiovascular system  |x Diseases  |v Periodicals. 
650 0 |a Heart  |x Diseases  |v Periodicals. 
650 0 |a Cardiology  |v Periodicals. 
650 1 2 |a Cardiovascular Diseases. 
650 7 |a Cardiology.  |2 fast  |0 (OCoLC)fst00847121 
650 7 |a Cardiovascular system  |x Diseases.  |2 fast  |0 (OCoLC)fst00847181 
650 7 |a Heart  |x Diseases.  |2 fast  |0 (OCoLC)fst00953527 
655 0 |a Electronic journals. 
710 2 |a Türk Kardiyoloji Derneği. 
776 0 |x 2149-2271 
780 0 0 |t Anadolu kardiyoloji dergisi  |x 1302-8723  |w (OCoLC)48512166 
850 |a DNLM 
856 4 0 |z Full text available from Research Library: 2015 to present  |u https://search.proquest.com/publication/106052